Szczegóły MARC21

Postępowanie w wybranych stanach zagrożenia życia i zdrowia : poziom podstawowy /

003 -Nazwa inst., której nr kontr. jest w polu 001 [,]
    • @
    • Nazwa instytucji, której n kontrolny jest w polu 001
    • NUKAT
005 -DATA I CZAS OSTATNIEJ MODYFIKACJI [,]
    • @
    • pole kontrolne
    • 20241231103127.0
020 -Międzynarod. znormalizowany nr książki - ISBN [ , ]
    • a
    • Numer ISBN
    • 9788375972863 Find
040 -Instytucja sporządzająca opis [ , ]
    • a
    • Instytucja, która sporządziła opis (NP)
    • Ł U/eg
    • c
    • Instytucja, która sporządziła rekord (NP)
    • Ł U/eg
    • d
    • Instytucja, która zmodyfikowała rekord (P)
    • Ł U/ew
    • d
    • Instytucja, która zmodyfikowała rekord (P)
    • WA M/LA
    • d
    • Instytucja, która zmodyfikowała rekord (P)
    • BYDG 020/AMs
    • d
    • Instytucja, która zmodyfikowała rekord (P)
    • OLSZT 003/ISOs
    • d
    • Instytucja, która zmodyfikowała rekord (P)
    • GD 27/AZ
942 -Rodzaj dokumentu [ , ]
    • c
    • Rodzaj dokumentu
    • Książka
100 -Hasło główne - nazwa osobowa [1, ]
    • a
    • Nazwa osobowa (NP)
    • Grześkowiak, Małgorzata.
    • 9
    • KHW
    • 75885
245 -Strefa tytułu i oznaczenia odpowiedzialności [1,0]
    • a
    • Tytuł
    • Postępowanie w wybranych stanach zagrożenia życia i zdrowia : Find
    • b
    • Ciąg dalszy tytułu (NP)
    • poziom podstawowy / Find
    • c
    • Pozostałe elementy strefy tytułu i oznaczenia odpowiedzialności (NP)
    • pod redakcją Małgorzaty Grześkowiak, Zbigniewa Żaby ; autorzy Małgorzata Grześkowiak, Paweł Juszczak, Włodzimierz Płotek, Roland Podlewski, Wojciech Słowiński, Czesław Żaba, Zbigniew Żaba ; Uniwersytet Medyczny im. Karola Marcinkowskiego w Poznaniu.
260 -Strefa adresu wydawniczego [ , ]
    • a
    • Miejsce wydania (P)
    • Poznań :
    • b
    • Nazwa wydawcy (P)
    • Wydawnictwo Naukowe Uniwersytetu Medycznego im. Karola Marcinkowskiego,
    • c
    • Data wydania (P)
    • 2017.
300 -Strefa opisu fizycznego [ , ]
    • a
    • Określenie formy książki i/lub objętość (NP)
    • 205 s. :
    • b
    • Oznaczenie ilustracji (NP)
    • il. kolor. ;
    • c
    • Format (NP)
    • 24 cm.
336 -Typ zawartości [ , ]
    • a
    • Termin opisujący typ zawartości
    • Tekst
    • b
    • Kod określający zawartość
    • txt
    • 2
    • Źródło (terminu i kodu)
    • rdacontent
337 -Typ mediów [ , ]
    • a
    • Tryb odtwarzania
    • Bez urządzenia pośredniczącego
    • b
    • Kod typu mediów
    • n
    • 2
    • Źródło (terminu i kodu)
    • rdamedia
338 -Typ/rodzaj nośnika [ , ]
    • a
    • Hasło opisujące typ nośnika
    • Wolumin
    • b
    • Kod typu nośnika
    • nc
    • 2
    • Źródło (terminu i kodu)
    • rdacarrier
504 -Uwaga dot. bibliogr. załącznikowej [ , ]
    • a
    • Uwaga dot. bibliografii załącznikowej
    • Bibliogr. s. 193-201. Indeks.
650 -Hasło przedmiotowe [ ,7]
    • a
    • Hasło przedmiotowe
    • Pierwsza pomoc
    • v
    • Określnik formalny
    • podręczniki akademickie.
    • 2
    • Źródło terminu
    • kaba
    • 9
    • KHW
    • 389431
650 -Hasło przedmiotowe [ ,7]
    • a
    • Hasło przedmiotowe
    • Reanimacja
    • v
    • Określnik formalny
    • podręczniki akademickie.
    • 2
    • Źródło terminu
    • kaba
    • 9
    • KHW
    • 457395
700 -Hasło dodatkowe - nazwa osobowa [1, ]
    • a
    • Nazwa osobowa (NP)
    • Żaba, Zbigniew Find
    • c
    • Dopowiedzenie inne niż daty biograficzne (NP)
    • (medycyna).
    • e
    • Określenie rodzaju współpracy
    • Red.
    • 9
    • KHW
    • 75886
700 -Hasło dodatkowe - nazwa osobowa [1, ]
    • a
    • Nazwa osobowa (NP)
    • Juszczak, Paweł. Find
    • 9
    • KHW
    • 457339
700 -Hasło dodatkowe - nazwa osobowa [1, ]
    • a
    • Nazwa osobowa (NP)
    • Płotek, Włodzimierz. Find
    • 9
    • KHW
    • 457340
700 -Hasło dodatkowe - nazwa osobowa [1, ]
    • a
    • Nazwa osobowa (NP)
    • Słowiński, Wojciech Find
    • c
    • Dopowiedzenie inne niż daty biograficzne (NP)
    • (nauki medyczne).
    • 9
    • KHW
    • 457341
700 -Hasło dodatkowe - nazwa osobowa [1, ]
    • a
    • Nazwa osobowa (NP)
    • Podlewski, Roland. Find
    • 9
    • KHW
    • 457337
700 -Hasło dodatkowe - nazwa osobowa [1, ]
    • a
    • Nazwa osobowa (NP)
    • Żaba, Czesław. Find
    • 9
    • KHW
    • 457338
710 -Hasło dodatkowe - nazwa ciała zbiorowego [2, ]
    • a
    • Nazwa ciała zbiorowego lub nazwa geograficzna jako pierwszy element (NP)
    • Uniwersytet Medyczny im. Karola Marcinkowskiego (Poznań).
    • 4
    • Kod relacji
    • pbl
    • 9
    • KHW
    • 285687
920 -ISBN [ , ]
    • a
    • ISBN
    • 978-83-7597-286-3 Find
Numer inwentarzowy Lokalizacja Data inwentaryzacji Status udost. Sygnatura
WF.10204BM2018-06-111Pierwsza pomoc 15